Statistics for Country Shape Quiz #6

Click here to take the quiz!

General Stats

  • This quiz has been taken 147 times
  • The average score is 8 of 16

Answer Stats

Answer% Correct
F. S. Micronesia
64%
Paraguay
63%
Montenegro
60%
Kiribati
59%
Palau
59%
Marshall Islands
58%
Liechtenstein
57%
Barbados
53%
Timor-Leste
53%
Brunei
51%
Saint Vincent and the Grenadines
50%
San Marino
49%
Seychelles
48%
Tonga
47%
Suriname
42%
Cabo Verde
22%

Score Distribution

Percentile by Number Answered

Percent of People with Each Score

Your Score History

You have not taken this quiz